LEADER 01802nam a2200361 a 4500 001 000000129076 003 CaOOAMICUS 005 20120626122232.0 008 120525s2012 it u000 u ita r 040 $aPUL$bita 082 04$a909 100 1 $aVenturi, Franco,$d1914-1994.$0(OLS)http://pul/name/11271 245 13$aLa crisi dell'antico regime /$cFranco Venturi. 246 33$aSettecento riformatore 260 $aMilano :$bMondadori,$c2012. 300 $a3 v. ;$c18 cm 490 1 $aI classici della storia ;$v85 ; 86 504 $aInclude riferimenti bibliografici ed indice. 505 1 $aV. 1. Settecento riformatore III : La prima crisi dell'Antico Regime : 1768-1776. -- v. 2 Settecento riformatore IV : La caduta dell'Antico Regime (1776-1789). 740 32$aLa prima crisi dell'Antico Regime : 1768-1776. 740 32$aLa caduta dell'Antico Regime (1776-1789) 830 0$aClassici della storia ;$v85 ; 86.$0(OLS)http://pul/title/155349 850 $aPUL 852 $aPUL$W1$xSL Cons. Gen., Altre Classi 3$y75$m909 COLL 3.85$j149455$av. 1$qDDC 21$B147992$CPULBib$Z2$F147992 $H119520 $82 852 $aPUL$W1$xSL Cons. Gen., Altre Classi 3$y75$m909 COLL 3.86$j149895$av. 2$qDDC 21$B148422$CPULBib$Z2$F148422 $H119679 $82 941 1 $a9 996 $6082$a909$9(OLS)http://pul/classification/566 996 $6246$aSettecento riformatore$9(OLS)http://pul/title/36738 996 $6740$aLa caduta dell'Antico Regime (1776-1789)$9(OLS)http://pul/title/163551 996 $6740$aLa prima crisi dell'Antico Regime : 1768-1776$9(OLS)http://pul/title/163549 996 $6245$aLa crisi dell'antico regime$9(OLS)http://pul/title/163098 996 $6260$aMilano :$bMondadori$9(OLS)http://pul/publisher/50297 LEADER 01100nam a2200253 a 4500 001 000000141941 003 CaOOAMICUS 005 20150224101638.0 008 150224s1988 it u000 u ita r 040 $aPUL$bita 100 1 $aAmbrosioni, Annamaria,$d1944-2003.$0(OLS)http://pul/name/3997 245 10$aOberto da Pirovano :$bgoverno ecclesiastico e impegno civile di un arcivescovo milanese (1146-1166) /$cAnnamaria Ambrosioni. 260 $aMilano :$bCUSL,$c1988. 300 $a118 p. ;$c24 cm 490 1 $aUmanistica 504 $aBibliografia in nota. 651 4$aMilano$xStoria ecclesiastica$ySec. XII.$0(OLS)http://pul/subject/4729 830 0$aUmanistica.$0(OLS)http://pul/title/179667 850 $aPUL 852 $aPUL$W1$xDP1 Fondo Capitani$y116$m10 A 77$j163828$qFondi$B163863$CPULBib$Z2$F163863 $HCap25 $82 941 1 $a1 996 $6245$aOberto da Pirovano :$bgoverno ecclesiastico e impegno civile di un arcivescovo milanese (1146-1166)$9(OLS)http://pul/title/179666 996 $6260$aMilano :$bCUSL$9(OLS)http://pul/publisher/50919